000 00902cab a22001935a 4500
001 L139998
008 070829e20070824xxkd f 000 0 eng d
035 _a(Sirsi) u139998
041 0 _aeng
100 1 _aHarding, Eleanor
245 0 0 _aKier scrambles to July peak with £375m of work
260 _c2007
490 0 _aBuilding
_v272(8494) 24 August 2007, 16-17(2)
520 _aBarbour ABI's monthly figures show EC Harris heading the table of top quantity surveyors for the 12 months to July 2007. Turner and Townsend were runners up, with Davis Langdon in third place. Balfour Beatty topped the contractors' league for the same period, with Kier taking first place for monthly work won in July 2007. Also includes tables for architects and clients/promoters.
590 _aKA
651 4 _aUnited Kingdom
_y
690 _aBUILT ENVIRONMENT-QUANTITY SURVEYING-QUANTITY SURVEYORS
942 _n0
999 _c79151
_d79151